| 000 | 01228nam a2200229Ia 4500 | ||
|---|---|---|---|
| 001 | L235-7306 | ||
| 003 | IT-CnALBA | ||
| 008 | 170116s9999||||xx |||||||||||||| ||und|| | ||
| 040 |
_aIT-CnALBA _cIT-CnALBA |
||
| 041 | _aITALIANO | ||
| 100 | _aDILLENSCHNEIDER CLEMENTE, CSSR. | ||
| 245 | 0 | _aMARIA CORREDENTRICE. | |
| 250 | _a1a ed. | ||
| 260 |
_aCINISELLO BALSAMO (MI) _bEDIZIONI PAOLINE _c1955 [1° Ed.:1955 - Ed.Ling.Originale: 1947] |
||
| 300 | _a396 p. (prefazione: 58) | ||
| 500 | _aTRADUZIONE DAL FRANCESE DI D. ALDO POGGI. IL MERITO. MEDIAZIONE DELLA NUOVA EVA NELL'ECONOMIA DELLA REDENZIONE. DOCUMENTI DEL MAGISTERO ECCLESIASTICO LUNGO I SECOLI DI STORIA. TEOLOGIA CONTEMPORANEA. LA LITURGIA. I SS. PADRI. LA SACRA SCRITTURA. INDICE ON | ||
| 501 | _aSocietà San Paolo EM - Piazza San Paolo, 14 - 12051 ALBA (CN) (non commercial uses only) ® Copyright 2017 | ||
| 520 | _aTRADUZIONE DAL FRANCESE DI D. ALDO POGGI. IL MERITO. MEDIAZIONE DELLA NUOVA EVA NELL'ECONOMIA DELLA REDENZIONE. DOCUMENTI DEL MAGISTERO ECCLESIASTICO LUNGO I SECOLI DI STORIA. TEOLOGIA CONTEMPORANEA. LA LITURGIA. I SS. PADRI. LA SACRA SCRITTURA. INDICE ON | ||
| 650 | _aMARIA SS. ANGELI SANTI DEMONI | ||
| 942 | _cBK | ||
| 957 | _71 | ||
| 999 |
_a8282 _bNO _g Copie: 1 _c266488 _d266488 |
||